30-second astronomy (Record no. 18839)

MARC details
000 -LEADER
fixed length control field 00599nam a2200193Ia 4500
003 - CONTROL NUMBER IDENTIFIER
control field IN-BaIIA
008 - FIXED-LENGTH DATA ELEMENTS--GENERAL INFORMATION
fixed length control field 211028s9999 xx 000 0 eng d
020 ## - INTERNATIONAL STANDARD BOOK NUMBER
International Standard Book Number 978-1-848-31597-6
040 ## - CATALOGING SOURCE
Transcribing agency IIA Library
080 ## - UNIVERSAL DECIMAL CLASSIFICATION NUMBER
Universal Decimal Classification number 52
Item number THI
245 #0 - TITLE STATEMENT
Title 30-second astronomy
Remainder of title the 50 most mindblowing discoveries in astronomy each explained in half a minute
Statement of responsibility, etc. edited by Francois Fressin
260 ## - PUBLICATION, DISTRIBUTION, ETC.
Place of publication, distribution, etc. U.K
Name of publisher, distributor, etc. Icon Books
Date of publication, distribution, etc. 2013
300 ## - PHYSICAL DESCRIPTION
Extent 160p. + cd
650 ## - SUBJECT ADDED ENTRY--TOPICAL TERM
Topical term or geographic name entry element Astronomy
9 (RLIN) 80
650 ## - SUBJECT ADDED ENTRY--TOPICAL TERM
Topical term or geographic name entry element Solar physics
650 ## - SUBJECT ADDED ENTRY--TOPICAL TERM
Topical term or geographic name entry element Thirty second astronomy
9 (RLIN) 36012
700 ## - ADDED ENTRY--PERSONAL NAME
Personal name Fressin, Francois., ed.
9 (RLIN) 36013
942 ## - ADDED ENTRY ELEMENTS (KOHA)
Koha item type Books
Holdings
Withdrawn status Lost status Damaged status Not for loan Home library Current library Shelving location Date acquired Source of acquisition Cost, normal purchase price Total Checkouts Full call number Barcode Date last seen Cost, replacement price Price effective from Koha item type Purchase Price
        IIA Library-Bangalore IIA Library-Bangalore General Stacks 08/01/2014 FLI 1363.00   52/ THI 19761 05/11/2021 1363.00 08/01/2014 Books Rs. 1363.00

Powered by Koha